000 00569nam a2200217 a 4500
001 78156
003 BD-RjUL
005 20211209083109.0
008 210329s1955 bg ||||| |||| 00| 0 eng d
035 _a(BD-RjUL)78382
040 _aBD-RjUL
_beng
_cBD-RjUL
041 _aeng
082 _223
_a808.042
_bAHR 1955
100 _aAhmed, A.
_9246687
245 1 0 _aRhetoric and prosody /
_cA. Ahmed
260 _aBagerhat :
_bAmir Press,
_c1955
300 _a206 p .;
_c19
650 _aEnglish language
_xRhetoric
_9246688
650 _aRhetoric
_9246689
942 _2ddc
_cBK
999 _c78156
_d78156